Практические занятия по общей физике. Ч. 1: Механика: учебное пособие

Detalhes bibliográficos
Autor principal: Горячев Б. В. Борис Валентинович
Outros Autores: Могильницкий С. Б. Сергей Борисович
Resumo:В пособии дано краткое изложение основных законов, явлений и понятий физической механики, молекулярной физики, термодинамики; рассмотрены примеры решения задач по соответствующим разделам; предложены задачи для самостоятельного решения по каждому разделу. Предназначено для студентов инженерных специальностей, изучающих курс физики в течение трех семестров.
Idioma:russo
Publicado em: Томск, Изд-во ТПУ, 2013
Assuntos:
Formato: MixedMaterials Livro
KOHA link:https://koha.lib.tpu.ru/cgi-bin/koha/opac-detail.pl?biblionumber=241807

MARC

LEADER 00000nam0a2200000 4500
001 241807
005 20250604165958.0
010 |a 9785438702542 
035 |a (RuTPU)RU\TPU\book\263096 
035 |a RU\TPU\book\249645 
090 |a 241807 
100 |a 20130820d2013 m y0rusy50 ca 
101 0 |a rus 
102 |a RU 
105 |a y j 001zy 
200 1 |a Практические занятия по общей физике. Ч. 1: Механика  |e учебное пособие  |f Б. В. Горячев, С. Б. Могильницкий  |g Национальный исследовательский Томский политехнический университет (ТПУ) 
210 |a Томск  |c Изд-во ТПУ  |d 2013 
215 |a 86 с. 
320 |a Библиогр.: с. 83-84. 
330 |a В пособии дано краткое изложение основных законов, явлений и понятий физической механики, молекулярной физики, термодинамики; рассмотрены примеры решения задач по соответствующим разделам; предложены задачи для самостоятельного решения по каждому разделу. Предназначено для студентов инженерных специальностей, изучающих курс физики в течение трех семестров. 
452 1 |0 (RuTPU)RU\TPU\book\258582  |t Ч. 1: Механика  |o учебное пособие  |d 2012  |d 2013 
452 1 |0 (RuTPU)RU\TPU\book\268955  |t Ч. 1: Механика 
606 1 |a Физика  |2 stltpush  |3 (RuTPU)RU\TPU\subj\63709  |9 80688 
606 1 |a Механика  |2 stltpush  |3 (RuTPU)RU\TPU\subj\67812  |9 83462 
610 1 |a кинематика 
610 1 |a динамика 
610 1 |a законы сохранения 
610 1 |a релятивистская механика 
610 1 |a механические колебания 
610 1 |a учебные пособия 
610 1 |a труды учёных ТПУ 
675 |a 53(076.5)  |v 3 
675 |a 531(076.5)  |v 3 
700 1 |a Горячев  |b Б. В.  |c физик  |c доцент Томского политехнического университета, кандидат физико-математических наук  |f 1947-  |g Борис Валентинович  |9 11399 
701 1 |a Могильницкий  |b С. Б.  |c физик  |c доцент Томского политехнического университета, кандидат физико-математических наук  |f 1951-  |g Сергей Борисович  |9 11409 
801 1 |a RU  |b 63413507  |c 20121226 
801 2 |a RU  |b 63413507  |c 20131225  |g RCR 
850 |a 63413507 
942 |c BK